| 000 | 00410nam a22001697a 4500 | ||
|---|---|---|---|
| 005 | 20230608181744.0 | ||
| 008 | 230608b |||||||| |||| 00| 0 eng d | ||
| 020 | _a9789332550087 | ||
| 082 |
_a004.165 _bGIB-M |
||
| 100 | _aGibson Glenn.A | ||
| 245 |
_aMicrocomputer System _bThe 8086/8088 Family |
||
| 250 | _a2nd | ||
| 260 | _aIndia | ||
| 650 | _aEngineering | ||
| 700 | _aGlenn A.Gibson | ||
| 999 |
_c18682 _d18682 |
||